O podivuhodných vodách Uhorska K (dvoj) výročiu priekopníka balneologického výskumu na Slovensku Juraja Wernhera (1497-1567)

Bibliographic Details
Main Author: Jankovič, Ľubomír, 1960- (Author)
Format: Article
Language:Slovak
PhysicalDescription:Obr. 2
ISSN:0231-7303
Subjects:

MARC

LEADER 00000nab a2200000 a 4500
001 vtls000642316
003 SK-MaSNL
005 20260426071601.0
008 160322c1997 xo 0 slo
015 |a SNBRB19rr/mm-uuuuu 
035 |a CL0642455 
040 |a SNKBUCL  |b slo  |c SNKBUCL  |e AACR2 
041 0 |a slo 
044 |a xo  |c SK 
080 |a 553.7(437.6)(091)  |2 1981 
080 |a 5-051  |2 1981 
080 |a 929 Wernher, Juraj  |2 1981 
100 1 |a Jankovič, Ľubomír,  |d 1960-  |4 aut  |9 13648 
245 1 0 |a O podivuhodných vodách Uhorska  |b K (dvoj) výročiu priekopníka balneologického výskumu na Slovensku Juraja Wernhera (1497-1567)  |c Ľubomír Jankovič 
300 |b Obr. 2 
600 1 7 |a Wernher, Juraj,  |d okolo 1497-1567  |2 snkbucl  |9 122344 
650 0 7 |a minerálne vody  |2 snkbucl  |9 50838 
650 0 7 |a balneológia  |2 snkbucl  |9 4393 
651 7 |a Slovensko  |2 snkbucl  |9 14231 
655 7 |a články z novín a časopisov  |2 snkbucl  |9 267496 
773 0 |t Slovensko  |g Roč. 21, č. 3 (1997), s. 58-59  |x 0231-7303 
850 |a Slovenská národná knižnica v Martine  |a MTA001 
852 |a SNK  |b KIS3GCP 
958 |a SK 
958 |a BX 
958 |a RK 
958 |a RBX 
999 |c 2679968  |d 2681898